000 00630nam a2200217Ia 4500
003 OSt
005 20220928145226.0
006 a|||||r|||| 00| 0
007 ta
008 220927b |||||||| |||| 00| 0 eng d
024 _a79561
037 _cTextual
040 _aSDCL
_cSDCL
_beng
041 _2eng
_aeng
082 _aW691y7M18:g(R5)aN6, K8 RR
100 _aBaxandall Lee Co.
_9512215
245 0 _aMarxism and aesthetics
_b A selective annotated bibliography.
260 _c1968
942 _hW691y7M18:g(R5)aN6, K8 RR
_cTEXL
_2CC
999 _c832645
_d832645